00311nam a2200133Ia 4500008004100000020001800041041000800059082001100067100001400078245003000092250001100122260002900133650001500162260624s2011 xx 000 0 und d a9781437713978 aeng a618.92 aRichard B aPediatric Clinical Skills a4th ed bElsevier, Pub.2011c2011 aPediatrics